| 000 | 00630nam a2200205 a 4500 | ||
|---|---|---|---|
| 001 | 3927 | ||
| 005 | 20140414131906.0 | ||
| 008 | 040601s19uu xx 00 eng d | ||
| 020 | _a0-8351-1582-8 | ||
| 050 |
_aFIC _bY9 1986 |
||
| 100 | _aYuzheng, Ding | ||
| 245 |
_aBattle in the river of heaven / _cadapted by Ding Yuzheng and illustrated by Zhang Jianping and Qi Jun. |
||
| 260 |
_aBeijing : _bForeign Languages Press, _c1986. |
||
| 300 | _a70 p. : ill. ; cm. | ||
| 440 | _aMonkey Series, 13 | ||
| 500 | _aAdapted from the novel Journey to the West | ||
| 650 | _aFantasy. | ||
| 650 |
_aChina _xFiction. |
||
| 999 |
_c110962 _d110962 |
||